000 01569nam0a2200349 4500
001 RU\NLR\bibl\1903096
005 20260406100702.0
010 _a978-5-91818-194-2
_9500
021 _aRU
_b2012-30409
_92257
035 _a(NLR Aleph) 001892704
090 _a2941517
_c2941517
100 _a20120515d2012 k y0rusy50 ca
101 0 _arus
102 _aRU
105 _aa |||||||||
200 1 _aРазвитие инновационной составляющей региональной экономики
_eмонография
_f[Э.А. Барсегян, С.А. Бондарев, А.Е. Власова и др.]
_gпод общ. ред. д.э.н., проф. О.Ю. Гордашниковой
210 _aСаратов
_cКУБиК
_d2012
215 _a287, [2] с.
_cил.
_d21
300 _aАвт. указаны на обороте тит. л.
320 _aБиблиогр. в примеч. в конце гл.
606 1 _aИнновационная деятельность
_xРегиональный аспект
_92322525
_3RU\NLR\auth\661389384
686 _aУ9(2)-55
701 1 _aБаргесян
_bЭ. А.
_4070
701 1 _aБондарев
_bС. А.
_4070
701 1 _4070
_aВласова
_bА. Е.
_cканд. экон. наук
_gАнна Евгеньевна
_92694417
_3RU\NLR\AUTH\770289187
702 1 _aГордашникова
_bО. Ю.
_gОльга Юрьевна
_4340
801 0 _aRU
_bNLR
_c20120515
_gRCR
801 1 _aRU
_bNLR
_c20120515
942 _cBOOK
980 _aNB